| 000 | 01191cab a22002295a 4500 | ||
|---|---|---|---|
| 001 | L145360 | ||
| 008 | 080916e20080912xxkdo f 000 0 eng d | ||
| 035 | _a(Sirsi) u145360 | ||
| 041 | 0 | _aeng | |
| 100 | 1 | _aMartin, Joe | |
| 245 | 0 | 0 | _aLifecycle costs |
| 260 | _c2008 | ||
| 490 |
_aBuilding _v273(8546) 12 September 2008, 76-78(3) |
||
| 520 | _aThe last in a series of six articles on school developments (see other articles under references L145210, L145344, L145345, L145349, L145354). Details a new standard of lifecycle costs for buildings and its accompanying UK guidance. Applies them to a case study of a national school project. Presents the standard as "BS ISO 15686-5:2008: Buildings and Constructed Assets. Service Life Planning. Lifecycle Costing", and the guidance as "Standardised Method of Lifecycle Costing (SMLCC)". | ||
| 590 | _aKA | ||
| 650 | 2 | 4 | _aBS ISO 15686-5 |
| 650 | 2 | 4 | _aSTANDARDISED METHOD OF LIFECYCLE COSTING (SMLCC) |
| 651 | 4 |
_aUnited Kingdom _y |
|
| 690 | _aBUILT ENVIRONMENT-BUILDING TYPES-EDUCATIONAL, INFORMATION AND SCIENTIFIC FACILITIES | ||
| 690 | _aMANAGEMENT-BUSINESS MANAGEMENT-COST MANAGEMENT-COST ANALYSIS-LIFE CYCLE COSTING | ||
| 942 | _n0 | ||
| 999 |
_c80795 _d80795 |
||